Word Ladder: Rod Stewart's Complaint Quiz Stats

 Plays Quiz Updated Apr 5, 2013

Support Sporcle.
Go Orange.
Score 0/28 Timer 03:00
0 Plays Today
Hint 4-Letter Word % Correct
'____ and Let Die'LIVE
95.8%
FirearmsGUNS
94%
Bee bungalowHIVE
93.7%
Beatle's hit 'Hey ____'JUDE
91.9%
♬ POSSESS ♬♬ HAVE ♬
90.4%
Chain segmentLINK
88%
Point connectorLINE
87.8%
Jazz singer ____ FitzgeraldELLA
85.9%
Actress ____ DenchJUDI
84%
Fashion MagazineELLE
83.7%
German car makerAUDI
83.2%
♬ NOT ALL ♬♬ SOME ♬
82.5%
EffortlessnessEASE
81.9%
Ultimatum ender: '... or ___'ELSE
80.9%
Hint 4-Letter Word % Correct
Roof overhangEAVE
80.2%
♬ BLOKES ♬♬ GUYS ♬
79.7%
♬ M*A*S*H star Alan ____♬ ALDA ♬
78.1%
♬ GOOD FORTUNE ♬♬ LUCK ♬
77.1%
German discount grocery chainALDI
76.2%
Oily mess or goopGUNK
70.4%
Mozart's 'Rondo ___ Turca'ALLA
70.2%
Stupid personLUNK
68.9%
A pill of the drug methaqualoneLUDE
60.7%
Henry who founded 'Time Magazine'LUCE
58.6%
Spanish painter Francisco ____GOYA
55.4%
Non-Jewish personsGOYS
55.2%
'Brave New World' drugSOMA
53%
Edible bean foodsSOYA
51%

Today's Daily Dose

You're not logged in!

Compare scores with friends on all Sporcle quizzes.
OR
Log In
Forgot?

From the Vault

Original US Census Places

by dlte

Hint: West coast cities may not be the place to start.
Remove Ads.
Support Sporcle.
Get the best of Sporcle when you Go Orange. This ad-free experience offers more features, more stats, and more fun while also helping to support Sporcle. Thank you for becoming a member.

Show Comments

Extras

Top Quizzes Today


Score Distribution

Your Account Isn't Verified!

In order to create a playlist on Sporcle, you need to verify the email address you used during registration. Go to your Sporcle Settings to finish the process.

Report this User

Report this user for behavior that violates our Community Guidelines.

Details: